00445nam a2200157Ia 4500003000900000008004100009040001600050080001500066100001600081245008500097250001200182260003300194300001600227650003200243650001200275IN-BaIIA211028s9999 xx 000 0 eng d cIIA Library a530.1bJOO aJoos, Georg 0aTheoretical physicscGeorg Joos  a3rd ed. aLondonbBlackie & Sonsc1958 axxii, 885p. aBasic principles of physics aPhysics